Statistics for Capital Cities of the World ABC Chain

Click here to take the quiz!

General Stats

  • This quiz has been taken 38 times
    (31 since last reset)
  • The average score is 8 of 23

Answer Stats

ABU DHABI% Correct
BAGHDAD
100%
CAIRO
91%
DAMASCUS
78%
FREETOWN
48%
GEORGETOWN
43%
ISLAMABAD
43%
JAKARTA
43%
HAVANA
39%
KUALA LUMPUR
30%
OUAGADOUGOU
30%
ULAANBAATAR
30%
ZAGREB
30%
QUITO
26%
ROSEAU
26%
LILONGWE
22%
MAPUTO
22%
PORTO NOVO
22%
ST JOHN'S
22%
WARSAW
22%
NAIROBI
17%
TEGUCIGALPA
17%
VIENTIANE
17%
YEREVAN
17%

Score Distribution

Percentile by Number Answered

Percent of People with Each Score

Your Score History

You have not taken this quiz since the last reset